Derecho a casarse y obligación de los militares de solicitar autorización para contraer matrimonio. Doctrina de la Corte de Suprema de Justicia de la Nación (Registro nro. 24174)
[ vista simple ]
| 000 -LEADER | |
|---|---|
| fixed length control field | 00480 a2200121 4500 |
| 001 - CONTROL NUMBER | |
| control field | ART_40059 |
| 005 - DATE AND TIME OF LATEST TRANSACTION | |
| control field | 20260410161842.0 |
| 008 - FIXED-LENGTH DATA ELEMENTS--GENERAL INFORMATION | |
| fixed length control field | 260409a |
| 100 1# - MAIN ENTRY--PERSONAL NAME | |
| Personal name | Furia de Torres, Lilian Alicia G. |
| 245 10 - TITLE STATEMENT | |
| Title | Derecho a casarse y obligación de los militares de solicitar autorización para contraer matrimonio. Doctrina de la Corte de Suprema de Justicia de la Nación |
| 700 1# - ADDED ENTRY--PERSONAL NAME | |
| Personal name | Torres, Ismael F. |
| 773 0# - HOST ITEM ENTRY | |
| Title | RAP |
| Related parts | - Año 22, Nº 264 (sep. 2000) |
| Record control number | REV5941 |
No hay ítems disponibles.